LEADER 01819nam 2200481 450 001 9910493686103321 005 20200806120910.0 010 $a90-8722-353-6 035 $a(CKB)3840000000349745 035 $a(MiAaPQ)EBC6176432 035 $a(EXLCZ)993840000000349745 100 $a20200806d2016 uy 0 101 0 $aeng 135 $aurcnu|||||||| 181 $ctxt$2rdacontent 182 $cc$2rdamedia 183 $acr$2rdacarrier 200 00$aGAARs $ea key element of tax systems in the post-beps world /$fedited by Michael Lang [and five others] 210 1$aAmsterdam, The Netherlands :$cIBFD,$d2016. 215 $a1 online resource (748 pages) $cillustrations 225 1 $aWU Institute for Austrian and International Tax Law European and international tax law and policy series ;$vVolume 3 311 $a90-8722-358-7 410 0$aWU Institute for Austrian and International Tax Law European and international tax law and policy series ;$vVolume 3. 606 $aTransfer pricing$xTaxation$xLaw and legislation 606 $aTax evasion$xPrevention$xInternational cooperation 606 $aTax planning 606 $aInternational business enterprises$xTaxation$xLaw and legislation 606 $aTax evasion$xLaw and legislation 608 $aElectronic books. 615 0$aTransfer pricing$xTaxation$xLaw and legislation. 615 0$aTax evasion$xPrevention$xInternational cooperation. 615 0$aTax planning. 615 0$aInternational business enterprises$xTaxation$xLaw and legislation. 615 0$aTax evasion$xLaw and legislation. 676 $a343.04 702 $aLang$b Michael$f1965- 801 0$bMiAaPQ 801 1$bMiAaPQ 801 2$bMiAaPQ 906 $aBOOK 912 $a9910493686103321 996 $aGAARs$92451420 997 $aUNINA LEADER 01670oam 2200445M 450 001 9910716682703321 005 20210706162411.0 035 $a(CKB)5470000002523335 035 $a(OCoLC)1065852518 035 $a(OCoLC)995470000002523335 035 $a(EXLCZ)995470000002523335 100 $a20071213d1927 ua 0 101 0 $aeng 135 $aurcn||||||||| 181 $ctxt$2rdacontent 182 $cc$2rdamedia 183 $acr$2rdacarrier 200 10$aNew building for recorder of deeds, municipal court, and juvenile court of District of Columbia. February 28, 1927. -- Ordered to be printed 210 1$a[Washington, D.C.] :$c[U.S. Government Printing Office],$d1927. 215 $a1 online resource (2 pages) 225 1 $aSenate report / 69th Congress, 2nd session. Senate ;$vno. 1652 225 1 $a[United States congressional serial set] ;$v[serial no. 8685.] 300 $aBatch processed record: Metadata reviewed, not verified. Some fields updated by batch processes. 300 $aFDLP item number not assigned. 606 $aBuilding 606 $aLegislative amendments 606 $aPublic buildings 608 $aLegislative materials.$2lcgft 615 0$aBuilding. 615 0$aLegislative amendments. 615 0$aPublic buildings. 701 $aCapper$b Arthur$f1865-1951$pRepublican (KS)$01386839 801 0$bWYU 801 1$bWYU 801 2$bOCLCO 801 2$bOCLCQ 906 $aBOOK 912 $a9910716682703321 996 $aNew building for recorder of deeds, municipal court, and juvenile court of District of Columbia. February 28, 1927. -- Ordered to be printed$93468913 997 $aUNINA